000 01597nam a2200397 c 4500
001 10828
003 ES-MaCES
005 20180205141720.0
008 000726s2000 lu bd t o000 | spa d
020 _a9282874524
035 _aCES20000009290m
040 _aES-MaCES
_bspa
_cES-MaCES
100 1 _aOtero Hidalgo, Carlos
_920141
245 1 3 _aEl sistema de formación profesional en España
_ctrabajo realizado por ESIN, Consultores ; autores, Carlos Otero Hidalgo, Andrés Muñoz Machado, Aitor Marcos Sánchez ; por encargo del CEDEFOP, Centro Europeo para el Desarrollo de la Formación Profesional
250 _a2ª ed
260 _aLuxemburgo
_bOficina de Publicaciones Oficiales de las Comunidades Europeas
_c2000
300 _a160 p.
_bmapas, gráf col.
_c30 cm
504 _aBibliografía: p. 159-160
541 _cCompra
650 4 _aformación profesional
_927394
650 4 _aformación profesional permanente
_929931
650 4 _asistema de formación
_930101
650 4 _aplanificación de la formación
_929959
650 4 _aadministración de la formación
_929968
650 4 _aEspaña
_926964
650 4 _atendencia
_928907
653 1 0 _aEducación
700 1 _aMuñoz Machado, Andrés
_919380
700 1 _aMarcos Sánchez, Aitor
_917488
710 2 _aEstudios Institucionales
_93471
710 2 _91909
_aCentro Europeo para el Desarrollo de la Formación Profesional
775 0 _tEl sistema de formación profesional en España
_w(ES-MaCES)3364
902 _aLIB Libro
942 _2CES
_cBK
_h4.0.
999 _c10828
_d10828